| 000 | 00000nam 2200000za 4500 |
| 001 | 9.862942 |
| 003 | CaOODSP |
| 005 | 20231206090016 |
| 007 | cr ||||||||||| |
| 008 | 181009s2018 onc ob f000 0 fre d |
| 022 | |z1925-0975 |
| 040 | |aCaOODSP|bfre |
| 043 | |an-cn--- |
| 086 | 1 |aH113-27/2018-17F-PDF|zH113-27/2018-17F |
| 245 | 00|aMancozèbe et préparations commerciales connexes |h[ressource électronique] : |bdocument de consultation. |
| 260 | |aOttawa : |bAgence de réglementation de la lutte antiparasitaire, Santé Canada, |c2018. |
| 300 | |a266 p. |
| 490 | 1 |aProjet de décision de réévaluation, |x1925-0983 ; |vPRVD2018-17 |
| 500 | |aPubl. aussi en anglais sous le titre : Mancozeb and its associated end-use products: consultation document. |
| 500 | |aTitre de la couv. |
| 500 | |a« Le 5 octobre 2018. » |
| 504 | |aComprend des références bibliographiques. |
| 520 | |a« En vertu de la Loi sur les produits antiparasitaires, l’Agence de réglementation de la lutte antiparasitaire (ARLA) de Santé Canada doit régulièrement réévaluer les pesticides homologués pour s’assurer qu’ils demeurent conformes aux normes de sécurité en matière de santé et d’environnement et pour garantir qu’ils ont encore une valeur. Le mancozèbe, un fongicide de contact à action préventive et au mode d’action multisite, est utilisé pour lutter contre un large éventail de maladies des plantes sur une grande variété de cultures destinées à la consommation humaine ou animale. Le présent document de consultation est une réédition du PRVD2013-01; il comporte maintenant le résumé complet des évaluations réalisées jusqu’à ce jour, la décision proposée et les raisons qui la justifient. Ce document est fondé sur le profil d’emploi et le statut d’homologation du mancozèbe à la date de la publication initiale du document PRVD2013-01 » -- P. 1. |
| 530 | |aÉgalement publ. en version imprimée. |
| 692 | 07|2gccst|aFongicide |
| 692 | 07|2gccst|aAccréditation |
| 692 | 07|2gccst|aToxicologie |
| 710 | 1 |aCanada. |bAgence de réglementation de la lutte antiparasitaire. |
| 710 | 1 |aCanada. |bSanté Canada. |
| 775 | 08|tMancozeb and its associated end-use products |w(CaOODSP)9.862941 |
| 830 | #0|aProjet de décision de réévaluation (Canada. Agence de reĢglementation de la lutte antiparasitaire)|x1925-0983 ; |vPRVD2018-17.|w(CaOODSP)9.501600 |
| 856 | 40|qPDF|s2.89 Mo|uhttps://publications.gc.ca/collections/collection_2018/sc-hc/h113-27/H113-27-2018-17-fra.pdf|z(rapport) |